01335nam a22002177a 4500008004400000020001800044082001800062100002100080245016300101250001800264260005500282300004500337500054300382653002500925653002100950653002200971653002500993700003101018700003601049700003201085171122s2008 ag||||| |||| 00| 0 spa d a978987127410904a709.82bB436a1 aBellati, Corina.10aArte contemporáneo argentino :bartista por artista /ccoordinado por Corina Bellati ; curaduría por Rodrigo Alonso, Valeria González y Julio Sánchez. a1a edición. aBuenos Aires, Argentina :bPapers Editores,c2008. a200 páginas :bilustraciones en color. aArtistas: Leandro Erlich, Esteban Pastorino, Mariana López, Sebastián Díaz Morales, Daniel Joglar, Rosa Chancho, Tomás Saraceno, Luis Terán, Juliana Iriart, Osías Yanov, Miguel Mitlag, Alessandra Sanguinetti, Diego Perrota, Ignacio Lasparra, Fabian Bercic, Lorena Guzmán, Gabriel Baggio, Tomás Espina, Patricio Larrambebere, Elisa Strada, Nicolás Trombetta, Mauro Giaconi, Gabriel Grün, Guillermo Srodek Hart, Mariano Vilela, Gabriela Golder, Nicolás Varchausky, Eduardo Tomás Basualdo, Favia Da Rin y Luz Lindner.10aArte contemporáneo10aArte - Argentina10aArtistas visuales10aArte latinoamericano1 aAlonso, Rodrigo.ecurador.1 aGonzález, Valeria.ecuradora.1 aSánchez, Julio.ecurador.